| 000 | 00870nam a2200229 a 4500 | ||
|---|---|---|---|
| 001 | 000399780 | ||
| 003 | AM-YeHGA | ||
| 005 | 20250618072353.0 | ||
| 008 | 041222s1989 ai |||||r|||||||||0|rus|d | ||
| 020 | _a5807702433 | ||
| 040 | _aAM-YeHGA | ||
| 041 | 1 |
_arus _harm |
|
| 100 | 1 |
_aՄարուխյան, Ռուբեն Արամի, _d1934-2024 _92697 |
|
| 245 | 1 | 0 |
_aПриключения Чикарели : _bПовесть-сказка / _cР. Марухян ; Пер. с арм. А. Меружаняна ; Худ. Т. Мангасарян. |
| 260 |
_aЕреван : _bАревик, _c1989. |
||
| 300 |
_a210 с. : _bил. ; _c22 см. |
||
| 650 | 1 | 4 |
_aАрмянская детская литература _xПовесть |
| 700 | 1 |
_aМеружанян, А. _eпер. _4trl |
|
| 700 | 1 |
_aМангасарян, Т. _eхуд. _4art |
|
| 942 |
_2udc _cBK |
||
| 090 | _c152784 | ||
| 999 |
_c151391 _d151391 |
||